000 00612nam a22001457a 4500
020 _a978-81-291-1919-3
082 _a823
_bRUS/T
100 _aBOND, RUSKIN
245 _aTALES AND LEGENDS FROM INDIA
260 _aDELHI
_bRUPA PUBLICATIONS
_c2023
300 _a154
520 _aIncluded in this collection are stories, painstakingly culled and thoughtfully crafted, from the Mahabharata ('Shiva's Anger' and 'Shakuntala'); the Jataka ('The Hare in the Moon' and 'The Crane and the Crab') and from regional folklore ('The Tiger-King's Gift' and 'The Happy Herdsman').
650 _aANTHOLOGY
_zINDIA
942 _cBK
999 _c7163
_d7163